UBT Library

Statistics a tool for social research (Record no. 45257)

000 -LEADER
fixed length control field 00338nam a22001457a 4500
005 - DATE AND TIME OF LATEST TRANSACTION
control field 20180316053312.0
008 - FIXED-LENGTH DATA ELEMENTS--GENERAL INFORMATION
fixed length control field 180316b xxu||||| |||| 00| 0 eng d
020 ## - INTERNATIONAL STANDARD BOOK NUMBER
International Standard Book Number 0534627951
041 ## - LANGUAGE CODE
Language code of text/sound track or separate title eng
080 ## - UNIVERSAL DECIMAL CLASSIFICATION NUMBER
Edition identifier 7th
Universal Decimal Classification number 311
100 ## - Rafti
Rafti 55
101 ## - Shkurtesa
Shkurtesa STA
245 ## - TITLE STATEMENT
Title Statistics a tool for social research
Statement of responsibility, etc Healey,J.F
942 ## - ADDED ENTRY ELEMENTS (KOHA)
Source of classification or shelving scheme
Item type Books
Holdings
Withdrawn status Lost status Source of classification or shelving scheme Damaged status Not for loan Collection code Permanent location Current location Shelving location Date acquired Total Checkouts Full call number Barcode Date last seen Price effective from Koha item type
          Koleksioni i përgjithshem UBT - Lipjan UBT - Lipjan Koleksioni i përgjithshem 03/16/2018   311 HEA 002-3002274 03/16/2018 03/16/2018 Books
UBT Library © 2015-2024. All rights reserved University Education for Business and Technology